Urinalysis and Body Fluids
Salvato in:
| Autore principale: | |
|---|---|
| Natura: | Libro |
| Lingua: | inglese |
| Pubblicazione: |
F.A.Davies Company
2014
|
| Tags: |
Aggiungi Tag
Nessun Tag, puoi essere il primo ad aggiungerne!!
|
MARC
| LEADER | 00000nam a22000007a 4500 | ||
|---|---|---|---|
| 008 | 210621b ||||| |||| 00| 0 eng d | ||
| 020 | |a 9780803639201 | ||
| 100 | |a Stranger ,Susan King | ||
| 245 | |a Urinalysis and Body Fluids |c Susan King Stranger {and] Marjorie |g xix,322p | ||
| 260 | |b F.A.Davies Company |c 2014 |i 296294 |i 296295 |l RB53.S8 |m urinalysis Method |m Body fluid-Chemistry | ||
| 500 | |a It includes references and index | ||
| 942 | |a lcc |c BK |e Olagoke ,M.A |f 21/06/2021 | ||
| 952 | |0 0 |1 0 |2 lcc |4 0 |6 RB0053 S8 |7 0 |9 2649 |a HOL |b HE |c QZ |d 2021-06-21 |l 0 |o RB53.S8 |p 2021-6496 |r 2021-06-21 00:00:00 |w 2021-06-21 |y BK | ||
| 952 | |0 0 |1 0 |2 lcc |4 0 |7 0 |9 2650 |a HOL |b HOL |c QZ |d 2021-06-21 |o RB53.S8 |p 2021-6497 |r 2021-06-21 00:00:00 |w 2021-06-21 |y BK | ||
| 999 | |c 1383 |d 1383 | ||